| 000 | 00559nam a2200181Ia 4500 | ||
|---|---|---|---|
| 008 | 090124s9999 xx 000 0 und d | ||
| 082 | _b7919 | ||
| 100 | _aमिरासदार द.मा. | ||
| 245 | _a गाणारा मुलूख | ||
| 250 | _a1 | ||
| 260 |
_bमोहक प्रकाशन _c1971 |
||
| 300 | _a24 | ||
| 600 | _aमिरासदार द.मा. | ||
| 630 | _a गाणारा मुलूख | ||
| 700 | _aमिरासदार द.मा. | ||
| 730 | _a गाणारा मुलूख | ||
| 942 | _cBOOK | ||
| 999 |
_c84975 _d84975 |
||